[Event "10th Ugra Governor's Cup"]
[Site "Khanty-Mansiysk RUS"]
[Date "2014.11.12"]
[Round "8.4"]
[White "Artemiev, Vladislav"]
[Black "Khairullin, Ildar"]
[Result "1-0"]
[WhiteTitle "GM"]
[BlackTitle "GM"]
[WhiteElo "2660"]
[BlackElo "2625"]
[WhiteFideId "24101605"]
[BlackFideId "4151348"]
[EventDate "2014.11.05"]

1. b3 e5 2. Bb2 Nc6 3. e3 g6 4. f4 Bg7 5. Nf3 d6 6. Bb5 Ne7 7. fxe5 O-O 8. O-O
dxe5 9. Nc3 a6 10. Bc4 b5 11. Bd3 h6 12. Qb1 Kh8 13. a4 b4 14. Ne2 Qd6 15. Qe1
Be6 16. Be4 Rae8 17. Rd1 Bf5 18. Ng3 Bc8 19. d4 exd4 20. Nxd4 Qc5 21. Nxc6 Bxb2
22. Nxb4 Bg7 23. Nd3 Qxc2 24. Qb4 Qc3 25. Qxc3 Bxc3 26. Nc5 f5 27. Bf3 Bb4 28.
Nd3 Bd6 29. e4 Be6 30. e5 Ba3 31. Ra1 Rd8 32. Be2 f4 33. Rxa3 fxg3 34. Rxf8+
Rxf8 35. hxg3 a5 36. b4 axb4 37. Nxb4 c5 38. Nd3 Rc8 39. Nf4 Bg8 40. Bg4 Ra8 41.
Bf3 Ra5 42. Rc3 c4 43. Ra3 Rxe5 44. a5 c3 45. Rxc3 Rxa5 46. Rc7 g5 47. Rxe7 gxf4
48. gxf4 Rf5 49. g3 Rf6 50. Bh5 Bd5 51. Kf2 Kg8 52. Rd7 Bb3 53. Ke3 Bc2 54. Kd4
Bg6 55. Bf3 Bf7 56. Be4 Ra6 57. Bd3 Ra5 58. Rb7 Kf8 59. Bb5 Ra3 60. Ke5 Re3+ 61.
Kf6 Re6+ 62. Kf5 Rd6 63. Kg4 Rg6+ 64. Kh4 Rf6 65. Be2 Rf5 66. Rb4 Kg7 67. Bg4
Rc5 68. Rb7 Kf6 69. Rb6+ Kg7 70. Bf3 Rc3 71. Be4 Rc4 72. Bf5 Rc5 73. Bb1 Rc3 74.
Rd6 Rc1 75. Be4 Re1 76. Rd4 Kf6 77. g4 Re3 78. Ra4 Re1 79. Kg3 Rg1+ 80. Kf3 Rf1+
81. Ke3 Re1+ 82. Kf2 Rd1 83. Ra6+ Kg7 84. f5 Be8 85. Ke3 Rd8 86. Kf4 Bf7 87. f6+
Kf8 88. Ra1 Rb8 89. Rh1 Rb4 90. Ke3 Rb3+ 91. Kd2 Rb4 92. Bf5 h5 93. Ra1 Be8 94.
Ra8 Kf7 95. g5 Rb5 96. Be6+ Kxe6 97. Rxe8+ Kf7 98. Re7+ 1-0

[Event "10th Ugra Governor's Cup"]
[Site "Khanty-Mansiysk RUS"]
[Date "2014.11.12"]
[Round "8.5"]
[White "Mamedov, Rauf"]
[Black "Shimanov, Aleksandr"]
[Result "1/2-1/2"]
[WhiteTitle "GM"]
[BlackTitle "GM"]
[WhiteElo "2652"]
[BlackElo "2589"]
[WhiteFideId "13401653"]
[BlackFideId "4198603"]
[EventDate "2014.11.05"]

1. c4 e6 2. g3 d5 3. Bg2 Nf6 4. Nf3 Be7 5. O-O O-O 6. b3 b6 7. Bb2 Bb7 8. e3
Nbd7 9. Nc3 c5 10. Nh4 Re8 11. f4 Rb8 12. Qe2 Ne4 13. cxd5 Nxc3 14. Bxc3 Bxd5
15. e4 Bxh4 16. gxh4 Bc6 17. h5 Qh4 18. d3 Rbd8 19. Be1 Qe7 20. Rd1 h6 21. Bc3
Bb5 22. Rf3 e5 23. Rg3 f6 24. f5 Nb8 25. Kh1 Rd7 26. Bd2 Kh8 27. Rg6 Bxd3 28.
Qf2 Bb5 29. Rg1 Qf8 30. Be3 Nc6 31. Qh4 Rf7 32. Qf2 Rd8 33. Bf1 Bxf1 34. Qxf1
Rfd7 35. Qc1 Nd4 36. Bxh6 Ne2 37. Bxg7+ Qxg7 38. Rxg7 Nxc1 39. Rxd7 Rxd7 40.
Rxc1 Rh7 41. Rd1 Rxh5 42. Rd7 Rh7 43. Rd6 Kg7 44. Kg2 Rh4 45. Kf3 Rxh2 46. Rd7+
Kh6 47. Rf7 Rxa2 48. Kg4 Rg2+ 49. Kh4 Rh2+ 50. Kg4 Rg2+ 51. Kh4 Rh2+ 52. Kg4
Rg2+ 1/2-1/2

[Event "10th Ugra Governor's Cup"]
[Site "Khanty-Mansiysk RUS"]
[Date "2014.11.12"]
[Round "8.6"]
[White "Bocharov, Dmitry"]
[Black "Pridorozhni, Aleksei"]
[Result "1/2-1/2"]
[WhiteTitle "GM"]
[BlackTitle "GM"]
[WhiteElo "2567"]
[BlackElo "2533"]
[WhiteFideId "4138716"]
[BlackFideId "4127870"]
[EventDate "2014.11.05"]

1. Nf3 d5 2. g3 c6 3. Bg2 Bg4 4. c4 Bxf3 5. Bxf3 e6 6. O-O Nd7 7. cxd5 exd5 8.
d3 Bc5 9. Nc3 Ngf6 10. e4 dxe4 11. dxe4 O-O 12. Qc2 Qe7 13. Bg2 Rfe8 14. Kh1 Bd4
15. Bd2 Qc5 16. f3 h5 17. Rae1 Rad8 18. f4 h4 19. gxh4 Qh5 20. Ne2 Bb6 21. Ng3
Qxh4 22. Nf5 Qh7 23. Bc3 Re6 24. e5 Nh5 25. Be4 Qh8 26. Qe2 Rde8 27. Qf3 Nc5 28.
Bc2 Rg6 29. Nh4 Rh6 30. f5 Nf4 31. Qxf4 Rxh4 32. Qg3 Bc7 33. Re2 Rh3 34. Qg1
Rxc3 35. bxc3 Rxe5 36. Rxe5 Bxe5 37. f6 Ne6 38. Bb3 Ng5 39. Rf5 Bxf6 40. Rxg5
Bxg5 41. Qxg5 Qh3 42. Qf4 Qh5 43. Kg1 b5 44. Qb8+ Kh7 45. Qxa7 Qg4+ 46. Kf2 Qh4+
47. Ke2 Qxh2+ 48. Qf2 Qe5+ 49. Qe3 Qh2+ 50. Qf2 Qe5+ 51. Qe3 Qh2+ 52. Kd3 Qd6+
53. Kc2 f5 54. Qe6 Qc5 55. Qg8+ Kg6 56. Qe8+ Kg5 57. Qd8+ Kg6 58. Qd4 Qe7 59.
Kd2 c5 60. Qe3 Qd6+ 61. Kc1 Kf6 62. Qd2 Qc7 63. Qd5 b4 64. Kc2 Qh2+ 65. Qd2 Qc7
66. Bc4 g5 67. cxb4 cxb4 68. Qxb4 g4 69. Qc3+ Kg5 70. Bd3 Qxc3+ 71. Kxc3 g3 72.
Bf1 f4 73. Kd2 f3 74. Ke3 g2 75. Ke4 1/2-1/2

[Event "10th Ugra Governor's Cup"]
[Site "Khanty-Mansiysk RUS"]
[Date "2014.11.12"]
[Round "8.7"]
[White "Smirnov, Pavel"]
[Black "Ponkratov, Pavel"]
[Result "1-0"]
[WhiteTitle "GM"]
[BlackTitle "GM"]
[WhiteElo "2592"]
[BlackElo "2624"]
[WhiteFideId "4123425"]
[BlackFideId "4157800"]
[EventDate "2014.11.05"]

1. d4 Nf6 2. c4 e6 3. g3 c5 4. Nf3 cxd4 5. Nxd4 Qc7 6. Nc3 a6 7. Bg2 Qxc4 8. Bf4
Nc6 9. Nb3 Qb4 10. O-O d5 11. Rc1 Be7 12. a3 Qb6 13. e4 dxe4 14. Be3 Qc7 15. Nc5
O-O 16. N5xe4 Rd8 17. Qb3 Nxe4 18. Nxe4 Rd5 19. Nc5 Rd6 20. Na4 Qd8 21. Bc5 Rd3
22. Bxe7 Nxe7 23. Rfd1 Rxd1+ 24. Rxd1 Qe8 25. Nb6 Rb8 26. Qb4 e5 27. Nxc8 Nxc8
28. Bxb7 Ne7 29. Qa5 g6 30. Qc7 Nf5 31. Rd7 Nh6 32. Re7 Qf8 33. Qxe5 Qd8 34.
Bxa6 Ng4 35. Qf4 Qxe7 36. Qxb8+ Kg7 37. Qf4 h5 38. h3 Ne5 39. Bf1 f6 40. b4 Qd6
41. Bg2 Qd1+ 42. Kh2 g5 43. Qe4 Qd2 44. Qe3 Qb2 45. Be4 h4 46. gxh4 gxh4 47. Kg2
Kg8 48. Bd5+ Kg7 49. Be4 Kg8 50. Qa7 Kf8 51. Qa8+ Ke7 52. Qb7+ Kd6 53. Qd5+ Ke7
54. Bf5 Nf7 55. Qd7+ Kf8 56. Be6 Ng5 57. Qd8+ Kg7 58. Qg8+ Kh6 59. Bf5 1-0

[Event "10th Ugra Governor's Cup"]
[Site "Khanty-Mansiysk RUS"]
[Date "2014.11.12"]
[Round "8.8"]
[White "Savchenko, Boris"]
[Black "Shomoev, Anton"]
[Result "1-0"]
[WhiteTitle "GM"]
[BlackTitle "GM"]
[WhiteElo "2598"]
[BlackElo "2569"]
[WhiteFideId "4147332"]
[BlackFideId "4135148"]
[EventDate "2014.11.05"]

1. e4 c5 2. Nf3 d6 3. d4 cxd4 4. Nxd4 Nf6 5. Nc3 a6 6. Bg5 e6 7. f4 b5 8. e5
dxe5 9. fxe5 Qc7 10. Qe2 Nfd7 11. O-O-O Nc6 12. Nxc6 Qxc6 13. Ne4 Bb7 14. Nd6+
Bxd6 15. exd6 O-O 16. Be7 Rfc8 17. Rd2 Nb6 18. Qh5 Nd5 19. Bd3 g6 20. Qh4 Nxe7
21. dxe7 Re8 22. Rf1 Qc5 23. Rxf7 Kxf7 24. Qxh7+ Kf6 25. Qxg6+ Ke5 26. Qh5+ Kd6
27. Bg6+ Bd5 28. Bxe8 Rc8 29. Bg6 Kxe7 30. Qg5+ Kd6 31. Be4 Qc4 32. Bxd5 exd5
33. Qf6+ Kd7 34. Qf5+ Kd6 35. b3 Qc5 36. Rxd5+ Qxd5 37. Qxc8 Qxg2 38. Qxa6+ Kc7
39. Qa5+ Kc8 40. Qxb5 Qxh2 41. Qc6+ Kb8 42. a4 Qh8 43. Kb1 Qh4 44. Ka2 Qe1 45.
Qc5 Kb7 46. a5 Qf1 47. Qb6+ Ka8 48. Qc6+ 1-0

[Event "10th Ugra Governor's Cup"]
[Site "Khanty-Mansiysk RUS"]
[Date "2014.11.12"]
[Round "8.9"]
[White "Timofeev, Artyom"]
[Black "Goryachkina, Aleksandra"]
[Result "1/2-1/2"]
[WhiteTitle "GM"]
[BlackTitle "WGM"]
[WhiteElo "2583"]
[BlackElo "2438"]
[WhiteFideId "4140419"]
[BlackFideId "4147103"]
[EventDate "2014.11.05"]

1. d4 d5 2. c4 c6 3. Nf3 Nf6 4. Nc3 e6 5. Bg5 Nbd7 6. e3 Qa5 7. cxd5 Nxd5 8. Rc1
h6 9. Bh4 Nxc3 10. bxc3 Ba3 11. Rc2 b6 12. Be2 Ba6 13. O-O Bxe2 14. Qxe2 Qa4 15.
c4 O-O 16. e4 Rfe8 17. Rd2 b5 18. c5 e5 19. Bg3 Bb4 20. Rd3 exd4 21. Rxd4 Nxc5
22. Ne5 Ne6 23. Rd7 Re7 24. Rxe7 Bxe7 25. Nxc6 Bc5 26. Qd3 Nd4 27. Bd6 Bxd6 28.
Qxd4 Qxd4 29. Nxd4 b4 30. Rc1 a5 31. Kf1 a4 32. Ke2 b3 33. axb3 a3 34. Kd3 Be5
35. Ke3 a2 36. Ra1 Rd8 37. Rxa2 Bxd4+ 38. Ke2 Kf8 39. f4 Ke7 40. e5 Rb8 41. Kd3
Bg1 42. g3 Rxb3+ 43. Ke4 Rb4+ 44. Kf3 Ke6 45. Kg2 Bd4 46. Kf3 Bc5 47. Ra6+ Kd5
48. Kg4 Rb2 49. h4 Rb3 50. h5 Ke4 51. Ra4+ Bd4 52. Rc4 Rc3 53. Rb4 Rc7 54. Rb8
Rc3 55. Rb4 Ra3 56. Rc4 Kd5 57. Rc7 Ke6 58. Rc6+ Ke7 59. Rc7+ Ke8 60. Rc2 Rd3
61. Rg2 Re3 62. Kf5 Ke7 63. g4 Rb3 64. Rc2 Rb4 65. Rc7+ Ke8 66. e6 fxe6+ 67.
Kxe6 Rb6+ 68. Kf5 Rb5+ 69. Kg6 Rb6+ 70. Kh7 Kd8 71. Rc4 Bb2 72. g5 Kd7 73. Ra4
Ke6 74. Ra5 Bc3 75. Rc5 Bd4 76. Ra5 Bc3 77. Rc5 Bb2 78. Ra5 Rb7 79. Kg6 Bc1 80.
f5+ Ke7 81. f6+ gxf6 82. gxf6+ Ke6 83. Ra8 Bf4 84. Re8+ 1/2-1/2

[Event "10th Ugra Governor's Cup"]
[Site "Khanty-Mansiysk RUS"]
[Date "2014.11.12"]
[Round "8.10"]
[White "Matsenko, Sergei"]
[Black "Yuffa, Daniil"]
[Result "1-0"]
[WhiteTitle "IM"]
[BlackTitle "IM"]
[WhiteElo "2482"]
[BlackElo "2467"]
[WhiteFideId "4170083"]
[BlackFideId "24131423"]
[EventDate "2014.11.05"]

1. Nf3 Nf6 2. c4 g6 3. Nc3 Bg7 4. g3 O-O 5. Bg2 d6 6. d4 Nc6 7. O-O Bf5 8. Bg5
Ne4 9. Nxe4 Bxe4 10. d5 Na5 11. b3 c5 12. Rc1 a6 13. Qd2 Re8 14. Bh3 Bxf3 15.
exf3 b5 16. cxb5 axb5 17. Rfe1 Ra7 18. Re4 b4 19. Qe3 Qa8 20. Rd1 Qd8 21. Bh6
Bxh6 22. Qxh6 e5 23. dxe6 f5 24. Re2 Nc6 25. Qf4 Nd4 26. Rxd4 cxd4 27. Qxd4 Rae7
28. Bf1 d5 29. Rd2 Qa5 30. Rc2 Rxe6 31. Rc5 Qxa2 32. Rc7 R6e7 33. Qxd5+ Kf8 34.
Rxe7 Kxe7 35. Qe5+ Kd8 36. Qd6+ 1-0

[Event "10th Ugra Governor's Cup"]
[Site "Khanty-Mansiysk RUS"]
[Date "2014.11.12"]
[Round "8.11"]
[White "Gordievsky, Dmitry"]
[Black "Predke, Alexandr"]
[Result "0-1"]
[WhiteTitle "FM"]
[WhiteElo "2471"]
[BlackElo "2545"]
[WhiteFideId "24112798"]
[BlackFideId "24107581"]
[EventDate "2014.11.05"]

1. d4 Nf6 2. Nf3 e6 3. e3 b6 4. Bd3 Bb7 5. O-O d5 6. b3 Nbd7 7. Bb2 Ne4 8. c4 f5
9. cxd5 Bxd5 10. Nfd2 Qh4 11. Qe2 Bd6 12. g3 Qg5 13. f4 Qg6 14. Nxe4 fxe4 15.
Ba6 O-O 16. Nc3 c6 17. Rac1 Rad8 0-1

[Event "10th Ugra Governor's Cup"]
[Site "Khanty-Mansiysk RUS"]
[Date "2014.11.12"]
[Round "8.12"]
[White "Kozionov, Kirill"]
[Black "Looshnikov, Nikolai"]
[Result "1-0"]
[WhiteTitle "FM"]
[BlackTitle "IM"]
[WhiteElo "2403"]
[BlackElo "2490"]
[WhiteFideId "24101729"]
[BlackFideId "4150104"]
[EventDate "2014.11.05"]

1. g3 d5 2. Bg2 c6 3. Nf3 Bg4 4. c4 Bxf3 5. Bxf3 e6 6. Qc2 Nd7 7. d4 Qf6 8. cxd5
exd5 9. Qd3 Qg6 10. Qb3 Rb8 11. Nc3 Nh6 12. e4 dxe4 13. Bxe4 f5 14. Bxh6 gxh6
15. Bd3 Bg7 16. O-O-O Kd8 17. Rhe1 Rf8 18. Bc2 a6 19. Kb1 Qf7 20. Qb4 Kc7 21.
Re7 Qf6 22. Qa5+ b6 23. Qe5+ Kd8 24. Rxg7 1-0